Bài tập cơ học ứng dụng
Đã lưu trong:
| Định dạng: | Sách |
|---|---|
| Các nhãn: |
Thêm thẻ
Không có thẻ, Là người đầu tiên thẻ bản ghi này!
|
| Thư viện lưu trữ: | Mạng thư viện Đại học Đà Nẵng |
|---|
| LEADER | 00718nam a2200205 4500 | ||
|---|---|---|---|
| 001 | 000008193 | ||
| 003 | 4377 | ||
| 005 | 20150812140809.0 | ||
| 008 | 111014s sd | ||
| 245 | 0 | 0 | |a Bài tập cơ học ứng dụng |c Đoàn Xuân Huệ |
| 774 | |a Đoàn Xuân Huệ |d Đại học Sư phạm |d 2004 |d H. |g T.2 |h 259 tr |t Cơ học vật rắn biến dạng |w 4379 | ||
| 774 | |a Nguyễn Thành Mậu |d Đại học Sư phạm |d H. |d 2006 |g T.1 |h 356 tr |t Cơ học vật rắn tuyệt đối |w 4380 | ||
| OWN | |a LSP | ||
| 999 | |a From the UDN01 | ||
| TYP | |a Monograph | ||
| TYP | |a Printed language | ||
| 980 | |a Mạng thư viện Đại học Đà Nẵng | ||